Online Catalogue and eLibrary

Power vs conscience : (Record no. 565)

MARC details
000 -LEADER
fixed length control field 00772cam a2200229 a 4500
001 - CONTROL NUMBER
control field 4926111
005 - DATE AND TIME OF LATEST TRANSACTION
control field 20240416023101.0
008 - FIXED-LENGTH DATA ELEMENTS--GENERAL INFORMATION
fixed length control field 950712s1996 nyuc b 000 0 eng
020 ## - INTERNATIONAL STANDARD BOOK NUMBER
ISBN 9628161040.
040 ## - CATALOGING SOURCE (பட்டியலாக்க மூலம்)
Original cataloging agency DLC
Transcribing agency DLC
Modifying agency DLC
082 00 - DDC Classification
Class No. 323.4
DDC Edition Number 20
Item Number - Author Mark POW.
245 00 - TITLE STATEMENT
Title Power vs conscience :
Remainder of title The Excommunication of Fr. Tissa Balasuriya /
Statement of responsibility, etc. Edited by Bruce Van Voorhis .
260 ## - PUBLICATION, DISTRIBUTION, ETC.
Place of publication, distribution, etc. Hong Kong :
Name of publisher, distributor, etc. Asian Human Rights Commission and Asian Legal Resource Centre Ltd.
Date of publication, distribution, etc. 1997.
300 ## - PHYSICAL DESCRIPTION
Extent (e.g. Volumes, Pages etc.) viii, 139 p. :
500 ## - GENERAL NOTE
General note "Publications of John A. Moses": p.[525]-531.
650 #0 - SUBJECT ADDED ENTRY--TOPICAL TERM
Topical term or geographic name entry element Nationalism
650 #0 - SUBJECT ADDED ENTRY--TOPICAL TERM
Topical term or geographic name entry element Political culture
650 #0 - SUBJECT ADDED ENTRY--TOPICAL TERM
Topical term or geographic name entry element Holocaust, Jewish (1939-1945)
650 #0 - SUBJECT ADDED ENTRY--TOPICAL TERM
Topical term or geographic name entry element Opposition (Political science)
700 1# - ADDED ENTRY--PERSONAL NAME
Personal name Brue Van Voorhis .
Relator term (Role) Editor
942 ## - Koha item type (Biblio)
Koha item type Books in Stacks (Lending)
Holdings
Lost status Damaged status Collection code Home library Current library Date acquired Full call number Accession Number Item type
    Lending WERC Library WERC Library 03/11/2024 943.08 POW. 6431 Books in Stacks (Lending)

© WERC Library